00357 a2200109 4500001001000000005001700010008004100027245006300068100002700131773007200158999001700230ART_4460820260410161953.0260409a 10aEl fideicomiso de garantía frente al concurso preventivo1 aAlmada, Sebastián E.0 tTemas de derecho comercialg- Año 3, Nº 11 (nov. 2017)wREV28151 c30565d30565